Vplyv ochranných kozmetických výrobkov na dermálnu absorpciu pesticídov pri manipulácii neprofesionálnymi záhradkármi

Saved in:
Bibliographic Details
Main Author: Melegová, Linda (Author)
Other Authors: Hojerová, Jarmila (Thesis advisor)
Format: Manuscript Book
Language:Slovak
Published: 2017
Subjects:
Online Access:http://is.stuba.sk/zp/portal_zp.pl?podrobnosti=128771
Tags: Add Tag
No Tags, Be the first to tag this record!

MARC

LEADER 00000ntm a22000003a 4500
001 stuzp61994
003 SK-STU
005 20170610210442.7
007 ta
008 150427s2015----xo-----f-mn---000-0-slo-d
040 |a STU  |b slo 
041 0 |a slo 
100 1 |a Melegová, Linda  |u 040200  |4 aut  |U FCHPT Fakulta chemickej a potravinárskej technológie  |T FCHPT Ústav potravinárstva a výživy  |X 61498  |U C020  |Y 684  |7 61498 
242 0 1 |a Effect of protective cosmetic products on the dermal absorption of pesticides while handling by non- professional gardeners  |y eng 
245 1 0 |a Vplyv ochranných kozmetických výrobkov na dermálnu absorpciu pesticídov pri manipulácii neprofesionálnymi záhradkármi 
260 |c 2017 
650 4 |a pesticídy  |2 slo 
650 4 |a dermálna absorpcia  |2 slo 
650 4 |a Acetamiprid  |2 slo 
650 4 |a Chlórpyrifos-metyl  |2 slo 
650 4 |a Pirimicarb  |2 slo 
650 4 |a ochranný kozmetický výrobok  |2 slo 
650 4 |a pesticides  |2 eng 
650 4 |a dermal absorption  |2 eng 
650 4 |a Acetamiprid  |2 eng 
650 4 |a Chlorpyrifos-methyl  |2 eng 
650 4 |a Pirimicarb  |2 eng 
650 4 |a protective cosmetic product  |2 eng 
700 1 |a Hojerová, Jarmila  |u 040250  |k Z1  |4 ths  |U FCHPT Ústav potravinárstva a výživy  |T FCHPT Oddelenie potravinárskej technológie  |X 3324  |U C0250  |Y 685  |7 A000003324 
856 4 |u http://is.stuba.sk/zp/portal_zp.pl?podrobnosti=128771